| 000 -LEADER |
| fixed length control field |
00381nam a2200169Ia 4500 |
| 001 - CONTROL NUMBER |
| control field |
8036 |
| 003 - CONTROL NUMBER IDENTIFIER |
| control field |
GE_BSU |
| 008 - FIXED-LENGTH DATA ELEMENTS--GENERAL INFORMATION |
| fixed length control field |
181216s||||||||xx |||||||||||||| ||und|| |
| 040 ## - CATALOGING SOURCE |
| Transcribing agency |
GE_BSU |
| 245 #4 - TITLE STATEMENT |
| Title |
The Economist.Septembert 21st-27th. 8854. 2013. |
| 245 ## - TITLE STATEMENT |
| Remainder of title |
Number 8854 |
| 260 ## - PUBLICATION, DISTRIBUTION, ETC. |
| Place of publication, distribution, etc. |
London. |
| 260 ## - PUBLICATION, DISTRIBUTION, ETC. |
| Date of publication, distribution, etc. |
2013 |
| 300 ## - PHYSICAL DESCRIPTION |
| Extent |
102pg;27cm. |
| 653 ## - INDEX TERM--UNCONTROLLED |
| Uncontrolled term |
The Economist |
| 942 ## - ADDED ENTRY ELEMENTS (KOHA) |
| Koha item type |
პერიოდიკა |